000
00183 a2200097 4500
020
_a
9780439702768
041
_a
eng
100
_a
LOIS EHLERT
245
_a
PIE IN THE SKY
942
_c
BK
999
_c
5547
_d
5547